000 00800nam a2200241 4500
003 OSt
005 20240705083509.0
006 a
008 240705b |||||||| |||| 00| 0 eng d
020 _a9780323029681
040 _aDWCL-HMN lib.
_cOC
082 _2Third edition
_aCirc. 610.73 C521c 2005
100 _aCherry, Barbara
245 _aContemporary nursing: issues, trends, & management /
260 _aSt. Louis :
_bMosby Elsevier,
_cc2005.
300 _axxxv,
_b632 p. ;
_c23 cm.
504 _aIncludes bibliographical references and index.
650 _a1. Nursing-United States.
650 _a2. Nursing-United States-Practice.
650 _a3. Nursing-United States-Moral and ethical aspects.
650 _a4. Nursing-Vocational guidance.
942 _2ddc
_n0
_cBK-CIRC
_kCirc.
999 _c2050
_d2050